Diálogos de la conquista del Reino de Dios / (Record no. 99523)

MARC details
000 -LEADER
campo de control de longitud fija 00935nam a2200241 i 4500
001 - NÚMERO DE CONTROL
campo de control 99523
003 - IDENTIFICADOR DE NÚMERO DE CONTROL
campo de control ES-MaACL
005 - FECHA Y HORA DE LA ÚLTIMA TRANSACCIÓN
campo de control 20230929062531.0
007 - CAMPO FIJO DE DESCRIPCIÓN FÍSICA--INFORMACIÓN GENERAL
campo de control de longitud fija t|
008 - DATOS DE LONGITUD FIJA--INFORMACIÓN GENERAL
campo de control de longitud fija 050912s1946 sp ||||1| spa d
100 1# - ENTRADA PRINCIPAL--NOMBRE DE PERSONA
Nombre de persona Martínez, Juan de los Angeles.
9 (RLIN) 77777
245 10 - MENCIÓN DEL TÍTULO
Título Diálogos de la conquista del Reino de Dios /
Mención de responsabilidad, etc. por Fray Juan de los Angeles Martínez; prólogo y notas de Angel González Palencia.
260 ## - PUBLICACIÓN, DISTRIBUCIÓN, ETC.
Lugar de publicación, distribución, etc. Madrid :
Nombre del editor, distribuidor, etc. Real Academia Española,
Fecha de publicación, distribución, etc. 1946.
300 ## - DESCRIPCIÓN FÍSICA
Extensión 350 p. ;
Dimensiones 20 cm.
490 1# - MENCIÓN DE SERIE
Mención de serie Biblioteca selecta de clásicos españoles. Serie II ;
Designación de volumen o secuencia 1
500 ## - NOTA GENERAL
Nota general Precede al tít.: Real Academia Española.
700 1# - ENTRADA AGREGADA--NOMBRE PERSONAL
Nombre de persona González Palencia, Ángel,
Fechas asociadas al nombre 1889-1949
9 (RLIN) 58854
710 2# - ENTRADA AGREGADA--NOMBRE DE ENTIDAD CORPORATIVA
Nombre de entidad corporativa o nombre de jurisdicción como elemento de entrada Real Academia Española
9 (RLIN) 6336
830 0# - PUNTO DE ACCESO ADICIONAL DE SERIE-TÍTULO UNIFORME
Título uniforme Biblioteca selecta de clásicos españoles. Serie II ;
Designación de volumen o secuencia 1
9 (RLIN) 186358
852 ## - LOCALIZACIÓN
Ubicación ES-MaACL
Número de control de estantería E-1887
Sublocalización o colección R.22515
852 ## - LOCALIZACIÓN
Ubicación ES-MaACL
Número de control de estantería E-6104
Sublocalización o colección R.90831
Holdings
Estatus retirado Estado de pérdida Estado de daño No para préstamo Biblioteca de origen Biblioteca actual Ubicación en estantería Fecha de adquisición Fuente de adquisición Total de préstamos Signatura topográfica completa Código de barras Visto por última vez Precio de reemplazo Tipo de ítem Koha
        Biblioteca del Ateneo de Madrid Biblioteca del Ateneo de Madrid Depósito 2 17/01/2008     E-6104 1103918 23/02/2023 23/02/2023 Libro impreso
        Biblioteca del Ateneo de Madrid Biblioteca del Ateneo de Madrid Depósito 2 17/01/2008     E-1887 1103917 23/02/2023 23/02/2023 Libro impreso